skbl

Dr Suryya Kumar Bhuyan Library Web-OPAC
ডঃ সূৰ্য্য
কুমাৰ ভূঞা পুথিভঁৰাল ৱেব-অ'পেক

All Research Scholars are advised to clear the annual library fees to continue using Library Resources, Remote Access, Plagiarism Test and Library Clearance.

Cotton University Book Fair 2026

Election Politics and Voting Behaviour in India: A Study of Orissa / (Record no. 7461)

MARC details
000 -LEADER
fixed length control field 00931nam a2200337Ia 4500
001 - CONTROL NUMBER
control field 7474
005 - DATE AND TIME OF LATEST TRANSACTION
control field 20240113234018.0
007 - PHYSICAL DESCRIPTION FIXED FIELD--GENERAL INFORMATION
fixed length control field ta
008 - FIXED-LENGTH DATA ELEMENTS--GENERAL INFORMATION
fixed length control field 050706s1989 a g b000 u eng u
020 ## - INTERNATIONAL STANDARD BOOK NUMBER
International Standard Book Number 81-7141-033-2
040 ## - CATALOGING SOURCE
Original cataloging agency Cotton College,Assam
041 ## - LANGUAGE CODE
Language code of text/sound track or separate title eng
082 ## - DEWEY DECIMAL CLASSIFICATION NUMBER
Classification number 320.954
Item number Je 41 El
100 ## - MAIN ENTRY--PERSONAL NAME
Personal name Jena, B.B. .
245 #0 - TITLE STATEMENT
Title Election Politics and Voting Behaviour in India: A Study of Orissa /
Statement of responsibility, etc. B.B. Jena, J.K. Baral.
Medium Textual Documents
250 ## - EDITION STATEMENT
Edition statement 1st ed. /
260 ## - PUBLICATION, DISTRIBUTION, ETC.
Place of publication, distribution, etc. Delhi :
Name of publisher, distributor, etc. Discovery Publishing ,
Date of publication, distribution, etc. 1989.
300 ## - PHYSICAL DESCRIPTION
Extent xii, 278p. :
Other physical details ill. ;
Dimensions 22cm .
504 ## - BIBLIOGRAPHY, ETC. NOTE
Bibliography, etc. note Bib.
653 ## - INDEX TERM--UNCONTROLLED
Uncontrolled term Political Science
653 ## - INDEX TERM--UNCONTROLLED
Uncontrolled term Politics-India
653 ## - INDEX TERM--UNCONTROLLED
Uncontrolled term Elections-India
653 ## - INDEX TERM--UNCONTROLLED
Uncontrolled term India-Election
653 ## - INDEX TERM--UNCONTROLLED
Uncontrolled term PG-Political Science
653 ## - INDEX TERM--UNCONTROLLED
Uncontrolled term Voting Behaviour-India
700 ## - ADDED ENTRY--PERSONAL NAME
Personal name Baral, J.K. .
942 ## - ADDED ENTRY ELEMENTS (KOHA)
Source of classification or shelving scheme Dewey Decimal Classification
Koha item type Books
Holdings
Withdrawn status Lost status Damaged status Not for loan Collection Home library Current library Date acquired Coded location qualifier Total checkouts Full call number Barcode Date last seen Copy number Price effective from Koha item type
          Dr. Suryya Kumar Bhuyan Library Dr. Suryya Kumar Bhuyan Library 01/02/2012 00000   320.954 Je 41 El 86868 13/01/2024 2 01/02/2012 Books
          Dr. Suryya Kumar Bhuyan Library Dr. Suryya Kumar Bhuyan Library 01/02/2012 00000   320.954 Je 41 El 86867 13/01/2024 1 01/02/2012 Books

Designed and Maintained by Team SKBL
©1901-2026

Powered by Koha